[Event "Poznan op 22nd"]
[Site "Poznan"]
[Date "2014.08.15"]
[Round "8"]
[White "Zajecki, Maurycy"]
[Black "Magnucka, Arleta"]
[Result "1-0"]
[WhiteElo "2020"]
[BlackElo "1898"]
[PlyCount "93"]
[EventDate "2014.08.09"]
[EventType "swiss"]
[EventRounds "9"]
[EventCountry "POL"]
[SourceTitle "CBM 161 Extra"]
[Source "ChessBase"]
[SourceDate "2014.08.29"]
[SourceVersion "1"]
[SourceVersionDate "2014.08.29"]
[SourceQuality "1"]

1. d4 d6 2. e4 Nf6 3. Nc3 g6 4. Bg5 Bg7 5. Qd2 0-0 6. 0-0-0 c6 7. f3 Qa5 8. Kb1 e5 9. d5 a6 10. g4 c5 11. h4 b5 12. h5 Ra7 13. Bh6 c4 14. Bxg7 Kxg7 15. hxg6 fxg6 16. Qh6+ Kg8 17. Nce2 b4 18. c3 bxc3 19. Nxc3 Qb4 20. Rc1 a5 21. Qe3 Rff7 22. a3 Qb7 23. Bxc4 Bd7 24. Nh3 Na6 25. Ng5 Re7 26. Qe2 Nc5 27. Rc2 Ra8 28. Bb5 Rb8 29. Bxd7 Rxd7 30. Qc4 Rc7 31. Na4 Ne6 32. dxe6 Rxc4 33. Rxc4 Qb3 34. Rhc1 Qd3+ 35. Ka1 h6 36. Nf7 Qe3 37. Nxd6 Qxf3 38. Nb6 Qxg4 39. e7 Qe6 40. Nbc8 g5 41. Rf1 Kg7 42. Rxf6 Qg4 43. Rg6+ Kh7 44. Rc1 Qe2 45. Rb1 Rxb2 46. Rxb2 Qd3 47. Ka2 1-0

[Event "POL-chT2"]
[Site "Poronin"]
[Date "2013.09.08"]
[Round "2.78"]
[White "Magnucka, Arleta"]
[Black "Herman, Monika"]
[Result "1-0"]
[WhiteElo "1862"]
[BlackElo "1635"]
[PlyCount "115"]
[EventDate "2013.09.06"]
[EventType "team-swiss"]
[EventRounds "9"]
[EventCountry "POL"]
[SourceTitle "EXT 2015"]
[Source "ChessBase"]
[SourceDate "2014.11.20"]
[SourceVersion "1"]
[SourceVersionDate "2014.11.20"]
[SourceQuality "1"]
[WhiteTeam "Steszew Lipno"]
[BlackTeam "Chylice UKS Szachylice"]
[WhiteTeamCountry "POL"]
[BlackTeamCountry "POL"]

1. e4 e5 2. Nf3 Nc6 3. d4 exd4 4. Nxd4 Bc5 5. Be3 Qf6 6. c3 Nge7 7. g3 d6 8. Bg2 0-0 9. 0-0 Ne5 10. h3 Nc4 11. Bc1 Bd7 12. b3 Ne5 13. Be3 Bb6 14. Nd2 N5c6 15. Nc4 Nxd4 16. cxd4 Nc6 17. Nxb6 axb6 18. Qd2 Na5 19. Rfc1 c5 20. b4 cxb4 21. Qxb4 b5 22. Bf1 Nc4 23. Qe1 Qf3 24. Bg2 Qh5 25. g4 Qg6 26. f4 Ra3 27. Bf2 Bxg4 28. hxg4 Qxg4 29. f5 h5 30. Rc3 Rfa8 31. Rac1 g5 32. fxg6 fxg6 33. d5 g5 34. Kf1 h4 35. Bh3 Qf4 36. Be6+ Kh7 37. Kg1 Ne5 38. Qe3 Nf3+ 39. Kg2 h3+ 40. Bxh3 Qh2+ 41. Kxf3 Qxh3+ 42. Ke2 Rxa2+ 43. R1c2 Qxe3+ 44. Kxe3 Rxc2 45. Rxc2 Ra3+ 46. Ke2 g4 47. Rc7+ Kg6 48. Rd7 g3 49. Rxd6+ Kh5 50. Bc5 Ra2+ 51. Kf3 g2 52. Be3 g1Q 53. Bxg1 Ra8 54. Be3 Rh8 55. Rb6 b4 56. Rxb7 Rc8 57. Bf4 Kg6 58. Rxb4 1-0

[Event "POL-chT 3rd League Wielkopolska 12/13"]
[Site "Poznan"]
[Date "2013.01.06"]
[Round "4.29"]
[White "Magnucka, Arleta"]
[Black "Okonek, Wojciech"]
[Result "0-1"]
[WhiteElo "1860"]
[BlackElo "1555"]
[PlyCount "124"]
[EventDate "2012.11.25"]
[EventType "team-tourn"]
[EventRounds "11"]
[EventCountry "POL"]
[SourceTitle "EXT 2014"]
[Source "ChessBase"]
[SourceDate "2013.11.20"]
[SourceVersion "1"]
[SourceVersionDate "2013.11.20"]
[SourceQuality "1"]
[WhiteTeam "Steszew Lipno"]
[BlackTeam "Poznan Lech"]
[WhiteTeamCountry "POL"]
[BlackTeamCountry "POL"]

1. e4 e6 2. d4 d5 3. e5 c5 4. c3 Nc6 5. Nf3 Qb6 6. a3 c4 7. g3 Bd7 8. h4 Na5 9. Nbd2 Ne7 10. Bh3 Nec6 11. 0-0 Be7 12. Re1 h6 13. Kg2 0-0-0 14. Qe2 Kb8 15. Rb1 Rc8 16. Qd1 Qc7 17. Re3 b6 18. b3 cxb3 19. Nxb3 Nc4 20. Re2 Bxa3 21. Ra2 Bxc1 22. Qxc1 Ka8 23. Ne1 N6a5 24. Nc2 Nxb3 25. Rxb3 Na5 26. Rba3 Bb5 27. Kg1 Bc4 28. Rb2 Bd3 29. Rb4 Bxc2 30. Qxc2 Qd7 31. Qb1 Rc4 32. Bf1 Rxb4 33. Qxb4 Rc8 34. Bb5 Qb7 35. Qd6 Nc4 36. Bxc4 Rxc4 37. Qf8+ Qc8 38. Qxg7 Rxc3 39. Ra2 Rc7 40. Qxh6 b5 41. Qd2 Rc4 42. h5 b4 43. h6 b3 44. Rb2 Rc2 45. Qg5 Rxb2 46. h7 Rb1+ 47. Kg2 b2 48. Qg8 Rg1+ 49. Kf3 Qxg8 50. hxg8Q+ Kb7 51. Qxf7+ Kb6 52. Qxe6+ Ka5 53. Qxd5+ Kb4 54. Qc5+ Kb3 55. Qxa7 b1Q 56. Qb6+ Kc4 57. Qxb1 Rxb1 58. Kg4 Kxd4 59. f4 Ke4 60. Kg5 Rb6 61. Kg4 Rg6+ 62. Kh4 Kf5 0-1

[Event "POL-chT 3rd League Wielkopolska 12/13"]
[Site "Poznan"]
[Date "2012.12.02"]
[Round "2.23"]
[White "Magnucka, Arleta"]
[Black "Czaplinski, Piotr"]
[Result "1-0"]
[WhiteElo "1860"]
[BlackElo "1783"]
[PlyCount "64"]
[EventDate "2012.11.25"]
[EventType "team-tourn"]
[EventRounds "11"]
[EventCountry "POL"]
[SourceTitle "EXT 2014"]
[Source "ChessBase"]
[SourceDate "2013.11.20"]
[SourceVersion "1"]
[SourceVersionDate "2013.11.20"]
[SourceQuality "1"]
[WhiteTeam "Steszew Lipno"]
[BlackTeam "Gniezno LKS Chrobry II"]
[WhiteTeamCountry "POL"]
[BlackTeamCountry "POL"]

1. e4 c5 2. Nf3 g6 3. d4 Bg7 4. Nc3 cxd4 5. Nxd4 Nc6 6. Be3 d6 7. Qd2 Nf6 8. f3 Bd7 9. 0-0-0 a6 10. g4 h6 11. h4 Rc8 12. Kb1 Qc7 13. Be2 b5 14. g5 hxg5 15. hxg5 Rxh1 16. Rxh1 Nh5 17. Nd5 Qa5 18. Qxa5 Nxa5 19. Nb6 Rb8 20. Nxd7 Kxd7 21. f4 Ng3 22. Bg4+ e6 23. Rh7 Rg8 24. f5 Bxd4 25. fxe6+ Ke7 26. Rxf7+ Ke8 27. Bxd4 Rf8 28. Rxf8+ Kxf8 29. Bf6 Nxe4 30. e7+ Ke8 31. Bc8 Nc6 32. Bb7 Nxe7 1-0

[Event "POL-chT1"]
[Site "Mrzezyno"]
[Date "2011.09.11"]
[Round "9"]
[White "Magnucka, Arleta"]
[Black "Jaracz, Barbara"]
[Result "0-1"]
[WhiteElo "1876"]
[BlackElo "2272"]
[PlyCount "78"]
[EventDate "2011.09.03"]
[EventType "team-tourn"]
[EventRounds "9"]
[EventCountry "POL"]
[SourceTitle "CBM 144 Extra"]
[Source "ChessBase"]
[SourceDate "2011.10.28"]
[SourceVersion "1"]
[SourceVersionDate "2011.10.28"]
[SourceQuality "1"]
[WhiteTeam "Ostrow Wielkopolski"]
[BlackTeam "Znin Baszta"]
[WhiteTeamCountry "POL"]
[BlackTeamCountry "POL"]

1. e4 c5 2. Nc3 Nc6 3. g3 g6 4. Bg2 Bg7 5. d3 d6 6. Nf3 e6 7. 0-0 Nge7 8. Be3 e5 9. Nd5 Nxd5 10. exd5 Ne7 11. c4 0-0 12. a3 Bd7 13. Rb1 b5 14. b4 cxb4 15. axb4 a5 16. bxa5 Qxa5 17. Qb3 bxc4 18. dxc4 Nf5 19. Bb6 Qa6 20. c5 Ba4 21. Qb4 Bc2 22. Rbc1 Bd3 23. Rfe1 Rfb8 24. g4 dxc5 25. Qxc5 e4 26. Ng5 Qxb6 27. gxf5 gxf5 28. Qc7 Qg6 29. h4 Qh5 30. Qd7 h6 31. Nh3 Bd4 32. Rc7 Rd8 33. Qe7 Re8 34. Qd7 Rad8 35. Qa4 Be5 36. Rd7 Qxh4 37. Rxd8 Rxd8 38. Re3 Qf6 39. Bf1 Qg6+ 0-1

[Event "POL-chT3 Wielkopolska 1112"]
[Site "Poland"]
[Date "2011.??.??"]
[Round "1.5"]
[White "Anglart, Edward"]
[Black "Magnucka, Arleta"]
[Result "1/2-1/2"]
[WhiteElo "1871"]
[BlackElo "1875"]
[PlyCount "126"]
[EventDate "2011.11.27"]
[EventType "team-tourn"]
[EventRounds "11"]
[EventCountry "POL"]
[SourceTitle "EXT 2014"]
[Source "ChessBase"]
[SourceDate "2013.11.20"]
[SourceVersion "1"]
[SourceVersionDate "2013.11.20"]
[SourceQuality "1"]
[WhiteTeam "Wolsztyn UKS Szach"]
[BlackTeam "Steszew Lipno"]
[WhiteTeamCountry "POL"]
[BlackTeamCountry "POL"]

1. e4 c5 2. Nf3 Nc6 3. d4 cxd4 4. Nxd4 Nf6 5. f3 e5 6. Nb5 d6 7. Bg5 Be7 8. Bxf6 gxf6 9. N1c3 a6 10. Na3 b5 11. Nd5 f5 12. c3 Bg5 13. Qd3 fxe4 14. fxe4 0-0 15. Be2 Be6 16. 0-0 Kh8 17. Kh1 Ne7 18. Ne3 d5 19. exd5 Nxd5 20. Nxd5 Qxd5 21. c4 Qxd3 22. Bxd3 bxc4 23. Bxc4 Bxc4 24. Nxc4 f6 25. Rad1 Rad8 26. g3 Kg7 27. Kg2 h5 28. h4 Bh6 29. Kf2 Kf7 30. Ke2 Ke6 31. Rxd8 Rxd8 32. Rd1 Rxd1 33. Kxd1 Bf8 34. Ke2 Bc5 35. Kf3 Kd5 36. Ne3+ Kd4 37. Ke2 Ke4 38. Nc4 f5 39. a3 f4 40. Nd2+ Kf5 41. gxf4 Kxf4 42. b4 Be7 43. Nf3 Ke4 44. Ng5+ Kd4 45. Ne6+ Kc4 46. Ng7 Bxh4 47. Nxh5 Kb3 48. Kd3 Be1 49. Nf6 Kxa3 50. Nd7 Bg3 51. Nc5 Kxb4 52. Nxa6+ Kb5 53. Nc7+ Kc6 54. Ne6 Kd5 55. Ng5 Bf4 56. Ne4 Bc1 57. Nc3+ Ke6 58. Ke4 Bb2 59. Ne2 Ba3 60. Nc3 Bb2 61. Ne2 Kf6 62. Ng1 Kg5 63. Nf3+ Kf6 1/2-1/2

[Event "Poznan op 19th"]
[Site "Poznan"]
[Date "2010.08.08"]
[Round "9"]
[White "Markowska, Maria"]
[Black "Magnucka, Arleta"]
[Result "1/2-1/2"]
[WhiteElo "1764"]
[BlackElo "1922"]
[PlyCount "63"]
[EventDate "2010.08.01"]
[EventType "swiss"]
[EventRounds "9"]
[EventCountry "POL"]
[SourceTitle "CBM 138 Extra"]
[Source "ChessBase"]
[SourceDate "2010.10.29"]
[SourceVersion "1"]
[SourceVersionDate "2010.10.29"]
[SourceQuality "1"]

1. e4 c5 2. Nf3 d6 3. d4 cxd4 4. Nxd4 Nf6 5. Nc3 a6 6. Bg5 e6 7. f4 Be7 8. Qf3 Qc7 9. 0-0-0 Nbd7 10. g4 b5 11. Bxf6 Nxf6 12. g5 Nd7 13. a3 Rb8 14. f5 Ne5 15. Qg3 b4 16. axb4 Rxb4 17. fxe6 fxe6 18. Bh3 Qc4 19. b3 Bxg5+ 20. Qxg5 Qxc3 21. Kb1 Qxh3 22. Qxg7 Rf8 23. Qc7 Bd7 24. Qxd6 Rxd4 25. Rxd4 Rf1+ 26. Rxf1 Qxf1+ 27. Kb2 Qf6 28. Ka2 a5 29. Rd5 Qf2 30. Qxe5 Qxc2+ 31. Ka1 Qc1+ 32. Ka2 1/2-1/2

[Event "Poznan op 19th"]
[Site "Poznan"]
[Date "2010.08.07"]
[Round "8"]
[White "Magnucka, Arleta"]
[Black "Hoffmann, Piotr"]
[Result "1-0"]
[WhiteElo "1922"]
[BlackElo "1791"]
[PlyCount "65"]
[EventDate "2010.08.01"]
[EventType "swiss"]
[EventRounds "9"]
[EventCountry "POL"]
[SourceTitle "CBM 138 Extra"]
[Source "ChessBase"]
[SourceDate "2010.10.29"]
[SourceVersion "1"]
[SourceVersionDate "2010.10.29"]
[SourceQuality "1"]

1. e4 e5 2. Nf3 Nc6 3. d4 exd4 4. Nxd4 d6 5. Nc3 Nf6 6. Be3 Be7 7. Qd2 0-0 8. 0-0-0 Nd7 9. f4 Bf6 10. g4 Nxd4 11. Bxd4 Bxd4 12. Qxd4 Qf6 13. Qd2 Qh4 14. Be2 Nc5 15. Rdg1 Qe7 16. Bf3 Bd7 17. Nd5 Qd8 18. f5 Bc6 19. f6 Bxd5 20. fxg7 Kxg7 21. exd5 Nd7 22. Rg3 Rh8 23. Rh3 h6 24. Rh5 Ne5 25. Be4 Qe7 26. Rg1 Rag8 27. g5 hxg5 28. Rhxg5+ Ng6 29. Bxg6 fxg6 30. Rxg6+ Kf8 31. Rxg8+ Rxg8 32. Qh6+ Rg7 33. Qh8+ 1-0

[Event "Poznan op 19th"]
[Site "Poznan"]
[Date "2010.08.01"]
[Round "1"]
[White "Magnucka, Arleta"]
[Black "Wisniewski, Wieslaw"]
[Result "1-0"]
[WhiteElo "1922"]
[BlackElo "1606"]
[PlyCount "77"]
[EventDate "2010.08.01"]
[EventType "swiss"]
[EventRounds "9"]
[EventCountry "POL"]
[SourceTitle "CBM 138 Extra"]
[Source "ChessBase"]
[SourceDate "2010.10.29"]
[SourceVersion "1"]
[SourceVersionDate "2010.10.29"]
[SourceQuality "1"]

1. e4 e5 2. Nf3 Nc6 3. d4 exd4 4. Nxd4 Nxd4 5. Qxd4 d6 6. Nc3 Nf6 7. Be3 Be7 8. f3 Be6 9. 0-0-0 0-0 10. g4 c5 11. Qd2 a6 12. Kb1 b5 13. h4 Qa5 14. Nd5 Qd8 15. Nxe7+ Qxe7 16. h5 Ne8 17. g5 Rd8 18. Bxc5 f6 19. gxf6 Rxf6 20. Be2 Qf7 21. b3 d5 22. e5 Rf5 23. Bd4 Rxh5 24. Rxh5 Qxh5 25. Rg1 g6 26. f4 Qh2 27. Qe3 Ng7 28. Bb6 Rc8 29. Bd3 Bf5 30. Bxf5 Nxf5 31. Qd3 Kf8 32. Rf1 Qg2 33. Rf2 Qh1+ 34. Kb2 Rc6 35. Bd8 Qe1 36. Re2 Qh1 37. e6 d4 38. Re5 Qh5 39. Qe4 1-0

[Event "POL-chT 1st League"]
[Site "Ustron"]
[Date "2009.09.16"]
[Round "5"]
[White "Zawadzka, Beata"]
[Black "Magnucka, Arleta"]
[Result "1-0"]
[WhiteElo "2285"]
[BlackElo "1991"]
[PlyCount "97"]
[EventDate "2009.09.12"]
[EventType "team-swiss"]
[EventRounds "9"]
[EventCountry "POL"]
[SourceTitle "CBM 132 Extra"]
[Source "ChessBase"]
[SourceDate "2009.11.03"]
[SourceVersion "1"]
[SourceVersionDate "2009.11.03"]
[SourceQuality "1"]
[WhiteTeam "Gorzow Wielkopolski Stilon"]
[BlackTeam "Ostrow Wielkopolski"]
[WhiteTeamCountry "POL"]
[BlackTeamCountry "POL"]

1. d4 d6 2. Nf3 g6 3. c4 Bg7 4. Nc3 Nf6 5. e4 0-0 6. Be2 e5 7. 0-0 Nbd7 8. Re1 c6 9. Bf1 Qc7 10. Rb1 a6 11. dxe5 dxe5 12. b4 Rd8 13. Qc2 Nf8 14. h3 Ne6 15. c5 Nd4 16. Nxd4 Rxd4 17. Be3 Rd8 18. Na4 Be6 19. Nb6 Rab8 20. Bd2 Nh5 21. g3 Bf8 22. Bc3 f6 23. Bg2 Bf7 24. Qb2 Bh6 25. Bf1 Be6 26. Kg2 Qf7 27. a3 Ng7 28. Be2 Ne8 29. Rf1 Qc7 30. Rh1 Qf7 31. Rbf1 Qc7 32. h4 Ng7 33. h5 Nxh5 34. Bxh5 gxh5 35. Rxh5 Bg5 36. Bxe5 Qxe5 37. Qxe5 fxe5 38. Rxg5+ Kf7 39. Rh1 Kf6 40. Rgh5 Bg8 41. Rf5+ Kg6 42. Rh4 Kg7 43. Rg4+ Kh8 44. Rxe5 Rd3 45. Re7 Rxa3 46. Nd7 Rd8 47. Nf6 Ra2 48. Rxg8+ Rxg8 49. Rxh7# 1-0

[Event "POL-chT1"]
[Site "Chotowa"]
[Date "2007.09.11"]
[Round "9"]
[White "Zawadzka, Jolanta"]
[Black "Magnucka, Arleta"]
[Result "1-0"]
[WhiteElo "2354"]
[BlackElo "1994"]
[PlyCount "57"]
[EventDate "2007.09.03"]
[EventType "team"]
[EventRounds "9"]
[EventCountry "POL"]
[SourceTitle "EXT 2009"]
[Source "ChessBase"]
[SourceDate "2008.11.26"]
[SourceVersion "1"]
[SourceVersionDate "2008.11.26"]
[SourceQuality "1"]

1. e4 c5 2. Nf3 d6 3. d4 cxd4 4. Nxd4 Nf6 5. Nc3 a6 6. Bg5 e6 7. f4 Be7 8. Qf3 Qc7 9. 0-0-0 Nbd7 10. g4 b5 11. Bxf6 Nxf6 12. g5 Nd7 13. f5 Nc5 14. f6 gxf6 15. gxf6 Bf8 16. Rg1 Bb7 17. a3 Qa5 18. Ncxb5 axb5 19. Bxb5+ Nd7 20. Qh5 Qb6 21. Nxe6 Bc6 22. Bxc6 Qxc6 23. Ng7+ Kd8 24. Qxf7 Ne5 25. Qh5 Kc7 26. Rg3 Kb7 27. Rb3+ Ka7 28. Rd5 Nc4 29. Ra5+ 1-0

[Event "POL-ch U18 Girls"]
[Site "Wisla"]
[Date "2000.??.??"]
[Round "2"]
[White "Magnucka, Arleta"]
[Black "Szydlowska, Malgorzata"]
[Result "1/2-1/2"]
[WhiteElo "1800"]
[BlackElo "1800"]
[PlyCount "129"]
[EventDate "2000.02.26"]
[EventType "swiss"]
[EventRounds "10"]
[EventCountry "POL"]
[SourceTitle "EXT 2005"]
[Source "ChessBase"]
[SourceDate "2004.11.15"]
[SourceVersion "1"]
[SourceVersionDate "2004.11.15"]
[SourceQuality "1"]

1. e4 e5 2. Nf3 Nc6 3. d4 exd4 4. Nxd4 Bc5 5. Be3 Qf6 6. c3 Nge7 7. g3 d6 8. Bg2 Bb6 9. 0-0 0-0 10. f4 Qg6 11. f5 Qf6 12. g4 Nxd4 13. cxd4 Nc6 14. g5 Qd8 15. Nc3 Ne5 16. Nd5 Nc4 17. Bc1 c6 18. Nxb6 Nxb6 19. f6 Qd7 20. h3 d5 21. e5 Kh8 22. Qh5 Rg8 23. Kh2 Qe8 24. b3 Nd7 25. Be3 Nf8 26. Rf2 Ng6 27. Raf1 Be6 28. Qf3 Qd8 29. Qg3 Rc8 30. h4 Nf8 31. fxg7+ Rxg7 32. Bc1 Ng6 33. Rf6 Qd7 34. R1f2 Ne7 35. Bf1 Bf5 36. Bd3 Bg6 37. Qf3 Ng8 38. Rf4 h5 39. gxh6 Nxh6 40. Bxg6 Rxg6 41. Qh5 Kg7 42. Rg2 Qe6 43. Qf3 Rh8 44. h5 Rxg2+ 45. Kxg2 Ng8 46. Qg3+ Kf8 47. Qg5 Ne7 48. Qh4 Ng8 49. Kf3 Ke8 50. Qg5 Qh3+ 51. Ke2 Qxh5+ 52. Qxh5 Rxh5 53. Rf2 Ne7 54. Ba3 Rf5 55. Rh2 Ng6 56. Bc1 Ke7 57. Be3 Ke6 58. Bd2 f6 59. exf6 Rxf6 60. Rh7 Rf7 61. Rh2 Ne7 62. Be3 Nf5 63. Bf2 Rg7 64. Kf3 b6 65. Rh3 1/2-1/2